LEADER 01408nam0 2200313 450 001 000007219 005 20060621131758.0 010 $a2-8027-2082-1 100 $a20060621d2005----km-y0itay50------ba 101 0 $afre$aeng 102 $aBE 105 $ay-------001yy 200 1 $a<>politique européenne d'immigration et d'asile$ebilan critique cinq ans apres le traité d'Amsterdam$d=european immigration and asylum policy$ecritical assessment five years after the Amsterdam Treaty$fsous la direction de Francois Julien-Laferriere, Henri Labaye et Orjan Edstrom 210 $aBruxelles$cBruylant$d2005 215 $aVII, 338 p.$d24 cm 225 2 $aCollection de la Faculté de droit de l'Universite libre de Bruxelles 410 0$12001$aCollection de la Faculté de droit de l'Universite libre de Bruxelles 510 1 $a<>european immigration and asylum policy$ecritical assessment five years after the Amsterdam Treaty$zeng 610 1 $aAsilo $aPaesi dell'Unione europea$aCongressi$aParigi$a2004 610 1 $aDiritto dell'Unione Europea 676 $a341.488$v19 702 1$aJulien-Laferriere,$bFrançois 702 1$aLabaye,$bHenri 702 1$aEdstrom,$bOrjan 801 0$aIT$bUNIPARTHENOPE$c20060621$gRICA$2UNIMARC 912 $a000007219 951 $aH-0200$b38498$cNAVA3$d2006 996 $aPolitique européenne d'immigration et d'asile$9990606 997 $aUNIPARTHENOPE